Deutsche Städte mit mehr als 100.000 Einwohnern (schwer) - Statistiken

Allgemein
  • Dieses Quiz wurde 239 mal gespielt
  • Das Durchschnittsergebnis liegt bei 6 aus 13
Answers on the Grid
Answers color-coded by a green-red scale on the quiz's grid according to % correct below.
Frechen
Salzgitter
Neumünster
Marburg
Lüneburg
Leipzig
Ludwigsburg
Hildesheim
Moers
Gütersloh
Fulda
Ingolstadt
Jena
Gera
Gelsenkirchen
Schwerin
Passau
Ravensburg
Ulm
Tübingen
Regensburg
Pulheim
Pforzheim
Neu-Ulm
Lingen (Ems)
Göttingen
Hanau
München
Neuss
Zwickau
 
Antwortstatistiken
Antwort % Korrekt
München
72%
Leipzig
67%
Gelsenkirchen
63%
Ingolstadt
51%
Regensburg
51%
Ulm
50%
Neuss
42%
Göttingen
36%
Jena
34%
Pforzheim
33%
Moers
32%
Gütersloh
26%
Salzgitter
25%
Keine übereinstimmenden Quizze gefunden
Verteilung der Resultate
Anzahl Personen mit jedem Resultat
Perzentil nach korrekt beantworteten Fragen
Ihre Resultats-Entwicklung
Sie haben dieses Quiz noch nicht gespielt